[Event "Tbilisi WGP 2024"]
[Site "Tbilisi GEO"]
[Date "2024.08.15"]
[Round "1.1"]
[White "Kashlinskaya, Alina"]
[Black "Kosteniuk, Alexandra"]
[Result "1/2-1/2"]
[WhiteTitle "IM"]
[BlackTitle "GM"]
[WhiteElo "2474"]
[BlackElo "2488"]
[WhiteFideId "4198026"]
[BlackFideId "4128125"]
[EventDate "2024.08.15"]

1. d4 d5 2. c4 e6 3. Nc3 c6 4. cxd5 exd5 5. Bf4 Bd6 6. Bxd6 Qxd6 7. e3 Bf5 8.
Nge2 Ne7 9. Ng3 Bg6 10. h4 h6 11. h5 Bh7 12. Bd3 Bxd3 13. Qxd3 Nd7 14. O-O-O Nf6
15. Kb1 O-O 16. Nce2 Rac8 17. Nf5 Nxf5 18. Qxf5 Qe6 19. Qxe6 fxe6 20. f3 Rfe8
21. Nf4 e5 22. Ng6 exd4 23. exd4 Re2 24. Nf4 Re7 25. Ng6 Re2 26. Nf4 Re7 27. Ng6
Re2 1/2-1/2

[Event "Tbilisi WGP 2024"]
[Site "Tbilisi GEO"]
[Date "2024.08.15"]
[Round "1.2"]
[White "Muzychuk, Anna"]
[Black "Muzychuk, Mariya"]
[Result "1/2-1/2"]
[WhiteTitle "GM"]
[BlackTitle "GM"]
[WhiteElo "2525"]
[BlackElo "2508"]
[WhiteFideId "14111330"]
[BlackFideId "14114550"]
[EventDate "2024.08.15"]

1. e4 e5 2. Nf3 Nc6 3. Bb5 Nf6 4. d3 Bc5 5. c3 O-O 6. O-O d6 7. h3 Ne7 8. d4 c6
9. Bd3 Bb6 10. dxe5 dxe5 11. Nxe5 Bxh3 12. gxh3 Qb8 13. Bf4 Bc7 14. Bh2 Bxe5 15.
f4 Bc7 16. Qf3 Ng6 17. Na3 Nh4 18. Qg3 Ng6 19. Qf3 Nh4 20. Qg3 Ng6 21. Qf3 Nh4 1/2-1/2

[Event "Tbilisi WGP 2024"]
[Site "Tbilisi GEO"]
[Date "2024.08.15"]
[Round "1.3"]
[White "Dzagnidze, Nana"]
[Black "Javakhishvili, Lela"]
[Result "1/2-1/2"]
[WhiteTitle "GM"]
[BlackTitle "IM"]
[WhiteElo "2506"]
[BlackElo "2451"]
[WhiteFideId "13601903"]
[BlackFideId "13601458"]
[EventDate "2024.08.15"]

1. d4 Nf6 2. c4 e6 3. Bg5 c5 4. d5 exd5 5. cxd5 d6 6. Nc3 Be7 7. Nf3 O-O 8. e4
Bg4 9. Be3 Na6 10. Be2 Nc7 11. h3 Bxf3 12. Bxf3 Nd7 13. O-O b5 14. Be2 b4 15.
Nb1 Bf6 16. Qc2 Rb8 17. Nd2 Nb5 18. Bxb5 Rxb5 19. f4 Re8 20. Rad1 Rb8 21. Bf2
Nb6 22. Nf3 Nd7 23. Rfe1 Qa5 24. b3 Bc3 25. Re2 Rbc8 26. e5 dxe5 27. fxe5 Qb5
28. Ng5 Nf8 29. e6 fxe6 30. Rxe6 Bd4 31. Bxd4 cxd4 32. Qe4 h6 33. Rxe8 Rxe8 34.
Ne6 Nxe6 35. dxe6 Qb6 36. e7 d3+ 37. Kh1 Qd6 38. Rxd3 Qxe7 39. Qxe7 Rxe7 40. Rd6
a5 41. Rd5 Ra7 42. Rf5 Ra6 43. Kh2 g6 44. Rb5 Kf7 45. Kg3 Ke6 46. Kf4 Kd6 47. h4
Kc6 48. Re5 Kd7 49. Ke4 Kd6 50. g3 Kd7 51. Kd4 Rf6 52. Rxa5 Rf3 53. h5 Rxg3 54.
Ra7+ Kc8 55. hxg6 Rxg6 56. Kc5 Rg4 57. Rh7 Rh4 58. Kb5 h5 59. Ka4 Kb8 60. a3
bxa3+ 61. Kxa3 Rh1 62. b4 h4 63. b5 h3 64. Kb2 h2 65. b6 Rg1 66. Rxh2 Kb7 1/2-1/2

[Event "Tbilisi WGP 2024"]
[Site "Tbilisi GEO"]
[Date "2024.08.15"]
[Round "1.4"]
[White "Assaubayeva, Bibisara"]
[Black "Khademalsharieh, Sarasadat"]
[Result "1-0"]
[WhiteTitle "IM"]
[BlackTitle "IM"]
[WhiteElo "2470"]
[BlackElo "2489"]
[WhiteFideId "13708694"]
[BlackFideId "12512214"]
[EventDate "2024.08.15"]

1. e4 e5 2. Nf3 Nc6 3. Bc4 Bc5 4. Nc3 Nf6 5. d3 a6 6. Be3 d6 7. a4 Bxe3 8. fxe3
Be6 9. b3 d5 10. exd5 Nxd5 11. Qd2 O-O 12. O-O Nxc3 13. Qxc3 Qd6 14. Ng5 Bd5 15.
Rf2 Rad8 16. Raf1 Rd7 17. Bxd5 Qxd5 18. Ne4 b6 19. Rf6 Ne7 20. a5 Qb5 21. Qe1
Ng6 22. R6f5 Qc6 23. Qf2 f6 24. g4 Rdd8 25. Rf3 Qe6 26. Qg3 h6 27. Qh3 Ne7 28.
Qh4 Ng6 29. Qh5 Qe8 30. Ra1 b5 31. h4 Rd5 32. Raf1 b4 33. g5 hxg5 34. Nxg5 fxg5
35. Rxf8+ Qxf8 36. Rxf8+ Nxf8 37. hxg5 e4 38. Qg4 Rxa5 39. d4 Rd5 40. Kf2 1-0

[Event "Tbilisi WGP 2024"]
[Site "Tbilisi GEO"]
[Date "2024.08.15"]
[Round "1.5"]
[White "Tsolakidou, Stavroula"]
[Black "Vaishali, Rameshbabu"]
[Result "1-0"]
[WhiteTitle "IM"]
[BlackTitle "GM"]
[WhiteElo "2429"]
[BlackElo "2506"]
[WhiteFideId "4264312"]
[BlackFideId "5091756"]
[EventDate "2024.08.15"]

1. c4 e6 2. Nf3 d5 3. g3 Nf6 4. Bg2 dxc4 5. Qa4+ Bd7 6. Qxc4 c5 7. Ne5 Qc8 8.
Qd3 Nc6 9. Nxd7 Nxd7 10. Nc3 Be7 11. b3 O-O 12. Bb2 Nf6 13. Rd1 Rd8 14. Qb1 Rb8
15. O-O b5 16. Ne4 Nxe4 17. Qxe4 Nd4 18. e3 Nf5 19. d3 Rb6 20. Qg4 Bf8 21. Be4
Qd7 22. Be5 Nh6 23. Qe2 f5 24. Bg2 Nf7 25. d4 Nxe5 26. dxc5 Nd3 27. cxb6 axb6
28. Bc6 Qxc6 29. Rxd3 Rc8 30. Rfd1 e5 31. Rd8 Rc7 32. Qd3 f4 33. exf4 exf4 34.
Qd5+ Qxd5 35. R1xd5 fxg3 36. hxg3 b4 37. Rd4 1-0

[Event "Tbilisi WGP 2024"]
[Site "Tbilisi GEO"]
[Date "2024.08.16"]
[Round "2.1"]
[White "Kosteniuk, Alexandra"]
[Black "Vaishali, Rameshbabu"]
[Result "1/2-1/2"]
[WhiteTitle "GM"]
[BlackTitle "GM"]
[WhiteElo "2488"]
[BlackElo "2506"]
[WhiteFideId "4128125"]
[BlackFideId "5091756"]
[EventDate "2024.08.15"]

1. e4 e6 2. d4 d5 3. Nc3 Nf6 4. e5 Nfd7 5. f4 c5 6. Nf3 Nc6 7. Be3 a6 8. Qd2 b5
9. a3 Qa5 10. Rb1 b4 11. axb4 cxb4 12. Nd1 Qb6 13. Bd3 a5 14. f5 Be7 15. O-O Ba6
16. Bxa6 Qxa6 17. fxe6 fxe6 18. Ng5 Rf8 19. Nf2 Bxg5 20. Bxg5 h6 21. Be3 a4 22.
Qd1 Ne7 23. Qh5+ Kd8 24. Ra1 Qc4 25. Qd1 Nf5 26. Re1 Ke7 27. Qd2 Rfc8 28. Nd1
Kf7 29. g4 Nxe5 30. dxe5 Qxg4+ 31. Kf1 Qh3+ 32. Kg1 Qg4+ 33. Kf1 Qh3+ 34. Kg1
Qg4+ 35. Kf1 1/2-1/2

[Event "Tbilisi WGP 2024"]
[Site "Tbilisi GEO"]
[Date "2024.08.16"]
[Round "2.2"]
[White "Khademalsharieh, Sarasadat"]
[Black "Tsolakidou, Stavroula"]
[Result "1/2-1/2"]
[WhiteTitle "IM"]
[BlackTitle "IM"]
[WhiteElo "2489"]
[BlackElo "2429"]
[WhiteFideId "12512214"]
[BlackFideId "4264312"]
[EventDate "2024.08.15"]

1. d4 Nf6 2. c4 e6 3. Nc3 Bb4 4. e3 b6 5. Ne2 Ne4 6. Qc2 Bb7 7. a3 Bxc3+ 8. Nxc3
Nxc3 9. Qxc3 d6 10. f3 Qh4+ 11. g3 Qh5 12. e4 f5 13. Bg2 fxe4 14. fxe4 O-O 15.
Bf4 Nd7 16. O-O Rae8 17. d5 e5 18. Bd2 Bc8 19. h3 Nf6 20. g4 Qg6 21. Rae1 h6 22.
b4 Nh7 23. Rxf8+ Rxf8 24. Qg3 Ng5 25. c5 Ba6 26. h4 Nh7 27. Bf3 Nf6 28. Qg2 Qf7
29. Re3 h5 30. gxh5 Nxh5 31. Rc3 bxc5 32. bxc5 dxc5 33. Qg4 Nf4 34. Bxf4 Qxf4
35. Qxf4 Rxf4 36. h5 c4 37. Kf2 Kf8 38. Ke3 Rh4 39. Be2 Rh3+ 40. Kd2 Rh2 41. Kd1 1/2-1/2

[Event "Tbilisi WGP 2024"]
[Site "Tbilisi GEO"]
[Date "2024.08.16"]
[Round "2.3"]
[White "Javakhishvili, Lela"]
[Black "Assaubayeva, Bibisara"]
[Result "1/2-1/2"]
[WhiteTitle "IM"]
[BlackTitle "IM"]
[WhiteElo "2451"]
[BlackElo "2470"]
[WhiteFideId "13601458"]
[BlackFideId "13708694"]
[EventDate "2024.08.15"]

1. d4 Nf6 2. c4 e6 3. Nf3 d5 4. Nc3 c6 5. cxd5 exd5 6. Qc2 g6 7. h3 Bf5 8. Qb3
Qb6 9. g4 Be6 10. Bf4 h5 11. g5 Nfd7 12. e3 Na6 13. Qc2 Bf5 14. Qd2 Be7 15. Bg2
O-O 16. Nh4 Be6 17. O-O Qd8 18. e4 dxe4 19. Bxe4 Nc7 20. Rfe1 Nd5 21. Nxd5 Bxd5
22. Bxd5 cxd5 23. Qd3 Bxg5 24. Nxg6 Bxf4 25. Nxf4 Qg5+ 26. Qg3 Qxg3+ 27. fxg3
Nf6 28. Re5 Rfd8 29. Rf1 Rd6 30. Nxh5 Nxh5 31. Rxh5 Rc8 32. Rhf5 Rd7 33. Kg2
Rc2+ 34. R1f2 Rc1 35. h4 Rd1 36. R5f4 Rc7 37. Rg4+ Kh7 38. h5 Kh6 39. Rh4 Re7
40. Rf6+ Kg7 41. Rf2 Kh6 42. b3 b6 43. Rc2 Ree1 44. Rf2 Rg1+ 45. Kf3 Rd3+ 46.
Ke2 Rdxg3 47. Rxf7 R1g2+ 48. Rf2 Rxf2+ 49. Kxf2 Rc3 50. Rf4 Kg5 51. Rf7 Rc2+ 52.
Ke3 Rxa2 1/2-1/2

[Event "Tbilisi WGP 2024"]
[Site "Tbilisi GEO"]
[Date "2024.08.16"]
[Round "2.4"]
[White "Muzychuk, Mariya"]
[Black "Dzagnidze, Nana"]
[Result "1/2-1/2"]
[WhiteTitle "GM"]
[BlackTitle "GM"]
[WhiteElo "2508"]
[BlackElo "2506"]
[WhiteFideId "14114550"]
[BlackFideId "13601903"]
[EventDate "2024.08.15"]

1. e4 e6 2. d4 d5 3. Nc3 Nf6 4. e5 Nfd7 5. f4 c5 6. Nf3 Nc6 7. Be3 Be7 8. Qd2
O-O 9. O-O-O c4 10. f5 Rb8 11. Qe1 b5 12. f6 gxf6 13. Bh6 Kh8 14. exf6 Bxf6 15.
Bxf8 Qxf8 16. Qe3 b4 17. Ne2 b3 18. cxb3 cxb3 19. a3 e5 20. Nc3 e4 21. Ne5 Ndxe5
22. dxe5 Bg7 23. Qe1 d4 24. Nxe4 Nxe5 25. Rxd4 Bf5 26. Kb1 Rd8 27. Rxd8 Qxd8 28.
Ka1 Nc6 29. Bc4 Nd4 30. Bd3 Ne6 31. Bb1 Nd4 32. Nc3 Nc2+ 33. Bxc2 bxc2 34. Qe3
h5 35. Rc1 Bg6 36. Ne2 Kh7 37. Ka2 Qb8 38. Qb3 Qc7 39. Nc3 Qxh2 40. Rxc2 Bxc2
41. Qxc2+ Kg8 42. Qe4 Qb8 43. Qd5 h4 44. Qg5 Qc7 45. Qxh4 Bxc3 46. bxc3 Qxc3 1/2-1/2

[Event "Tbilisi WGP 2024"]
[Site "Tbilisi GEO"]
[Date "2024.08.16"]
[Round "2.5"]
[White "Kashlinskaya, Alina"]
[Black "Muzychuk, Anna"]
[Result "1/2-1/2"]
[WhiteTitle "IM"]
[BlackTitle "GM"]
[WhiteElo "2474"]
[BlackElo "2525"]
[WhiteFideId "4198026"]
[BlackFideId "14111330"]
[EventDate "2024.08.15"]

1. d4 d5 2. c4 c6 3. Nf3 Nf6 4. Nc3 e6 5. Bg5 h6 6. Bh4 Be7 7. e3 O-O 8. Qc2
Nbd7 9. a3 Ne8 10. Bg3 Nd6 11. cxd5 exd5 12. Bd3 Nf6 13. O-O Re8 14. Nd2 Be6 15.
Rad1 Qc8 16. f3 c5 17. Rfe1 b6 18. Bf2 Rb8 19. e4 dxe4 20. Ndxe4 Ndxe4 21. Nxe4
cxd4 22. Bxd4 Nxe4 23. Bxe4 Qxc2 24. Bxc2 Rbc8 25. Be4 Red8 26. Be3 Rxd1 27.
Rxd1 f5 28. Bd5 Kf7 29. Bxe6+ Kxe6 30. Re1 Kf7 31. Kf2 Bf6 32. Rc1 Rxc1 33. Bxc1
b5 34. b3 Ke6 35. Ke2 Kd5 36. Kd3 h5 37. h3 g6 38. Be3 a6 39. a4 Be5 40. axb5
axb5 41. Bd2 1/2-1/2

[Event "Tbilisi WGP 2024"]
[Site "Tbilisi GEO"]
[Date "2024.08.17"]
[Round "3.1"]
[White "Muzychuk, Anna"]
[Black "Kosteniuk, Alexandra"]
[Result "1/2-1/2"]
[WhiteTitle "GM"]
[BlackTitle "GM"]
[WhiteElo "2525"]
[BlackElo "2488"]
[WhiteFideId "14111330"]
[BlackFideId "4128125"]
[EventDate "2024.08.15"]

1. e4 e5 2. Nf3 Nc6 3. Bb5 a6 4. Ba4 Nf6 5. O-O Be7 6. Bxc6 dxc6 7. Re1 Qd6 8.
Na3 Be6 9. Qe2 Nd7 10. Nc4 Qc5 11. Ne3 O-O-O 12. a4 g5 13. d3 g4 14. Nd2 h5 15.
Ndc4 Qa7 16. Nf5 Bxf5 17. exf5 f6 18. Be3 Bc5 19. b4 Bxe3 20. Qxe3 Qxe3 21. fxe3
Nb6 22. Nxb6+ cxb6 23. Kf2 Rhg8 24. Ke2 Kc7 25. Reb1 b5 26. e4 bxa4 27. Rxa4 Rd7
28. Rb3 Ra8 29. Ke3 Rad8 30. Ra1 Kb6 31. Ra5 Kc7 32. Ra1 Kb6 33. Ra5 Kc7 34. Ra1 1/2-1/2

[Event "Tbilisi WGP 2024"]
[Site "Tbilisi GEO"]
[Date "2024.08.17"]
[Round "3.2"]
[White "Dzagnidze, Nana"]
[Black "Kashlinskaya, Alina"]
[Result "1/2-1/2"]
[WhiteTitle "GM"]
[BlackTitle "IM"]
[WhiteElo "2506"]
[BlackElo "2474"]
[WhiteFideId "13601903"]
[BlackFideId "4198026"]
[EventDate "2024.08.15"]

1. d4 e6 2. c4 b6 3. a3 Bb7 4. Nc3 Nf6 5. d5 Bd6 6. Nf3 O-O 7. g3 c6 8. Bg2 exd5
9. cxd5 Nxd5 10. Nxd5 cxd5 11. O-O Na6 12. b4 Nc7 13. Bb2 Be7 14. Qd2 Bf6 15.
Nd4 Ne6 16. Nf5 Bxb2 17. Qxb2 Rb8 18. Rfd1 d4 19. Nxd4 Bxg2 20. Kxg2 Qf6 21. Ra2
Nxd4 22. Qxd4 Qc6+ 23. Kg1 Rb7 24. Rad2 Re8 25. Qg4 Re6 26. Rd5 h6 27. Qf3 Rc7
28. h4 Re7 29. Qd3 Qe6 30. e3 Qg4 31. Kg2 Qe6 32. Rd2 Qc6 33. Qf5 Qa4 34. Re5
Qc6+ 35. Kh2 g6 36. Qf4 Rxe5 37. Qxe5 Qc3 38. Rd4 Rc8 39. h5 g5 40. Qf6 Qb2 41.
Kg2 Rc6 42. Qd8+ Kg7 43. Qxd7 Rf6 44. Rd2 Qxa3 45. Qd4 a5 46. Rb2 Qa4 47. e4 Qc6
48. bxa5 bxa5 49. Rb8 a4 50. Rd8 a3 51. Rd5 Kh7 52. Ra5 Re6 53. Qd5 Qxd5 54.
exd5 Re5 55. Rxa3 Rxd5 1/2-1/2

[Event "Tbilisi WGP 2024"]
[Site "Tbilisi GEO"]
[Date "2024.08.17"]
[Round "3.3"]
[White "Assaubayeva, Bibisara"]
[Black "Muzychuk, Mariya"]
[Result "1/2-1/2"]
[WhiteTitle "IM"]
[BlackTitle "GM"]
[WhiteElo "2470"]
[BlackElo "2508"]
[WhiteFideId "13708694"]
[BlackFideId "14114550"]
[EventDate "2024.08.15"]

1. Nf3 d5 2. g3 g6 3. Bg2 Bg7 4. d4 Nf6 5. c4 c6 6. O-O O-O 7. Nc3 Ne4 8. Qb3
dxc4 9. Qxc4 Bf5 10. Nh4 Nd6 11. Qa4 Bd7 12. Qd1 Qb6 13. e3 Na6 14. b3 c5 15.
Bb2 e6 16. Ne2 Rfd8 17. a4 Bc6 18. dxc5 Nxc5 19. Bxg7 Bxg2 20. Nxg2 Kxg7 21.
Qd4+ f6 22. Ngf4 Nde4 23. Qc4 e5 24. b4 exf4 25. bxc5 Nxc5 26. Nxf4 Rac8 27.
Rfd1 Re8 28. Rac1 Qc6 29. a5 b6 30. axb6 axb6 31. Qa2 Rc7 32. Rd5 Rd7 33. Rd4
Red8 34. Rxc5 bxc5 35. Ne6+ Qxe6 36. Qxe6 cxd4 37. exd4 f5 38. h4 h5 39. d5 Rxd5
40. Qe7+ Kg8 41. Qe6+ Kg7 42. Qe7+ 1/2-1/2

[Event "Tbilisi WGP 2024"]
[Site "Tbilisi GEO"]
[Date "2024.08.17"]
[Round "3.4"]
[White "Tsolakidou, Stavroula"]
[Black "Javakhishvili, Lela"]
[Result "1/2-1/2"]
[WhiteTitle "IM"]
[BlackTitle "IM"]
[WhiteElo "2429"]
[BlackElo "2451"]
[WhiteFideId "4264312"]
[BlackFideId "13601458"]
[EventDate "2024.08.15"]

1. c4 e6 2. Nf3 Nf6 3. e3 d5 4. b3 b6 5. Bb2 Bb7 6. cxd5 exd5 7. g3 Nbd7 8. Bg2
Ba6 9. d3 Nc5 10. Bf1 Bb7 11. b4 Ne6 12. Nbd2 Be7 13. Bg2 O-O 14. a3 c5 15. bxc5
bxc5 16. O-O Nd7 17. Rb1 Ba6 18. Qc2 Rc8 19. Rfd1 Qc7 20. e4 dxe4 21. dxe4 Nb6
22. a4 Qd7 23. Nb3 Qxa4 24. Ra1 Qc4 25. Bc3 Na4 26. Nbd2 Qxc3 27. Qxa4 Be2 28.
Rdc1 Qb4 29. Qxa7 c4 30. Rab1 Qc5 31. Qxc5 Rxc5 32. Bf1 Bxf3 33. Nxf3 c3 34. Rb3
Rfc8 35. Ba6 R8c7 36. Rb8+ Bf8 37. Rc2 g6 38. Bf1 Kg7 39. Bh3 Ng5 40. Nxg5 Rxg5
41. Rb3 Rgc5 42. Kf1 Rc4 43. Ke2 Bb4 44. Kd3 Ba5 45. Bf1 R4c6 46. Rb5 Rc5 47.
Rxc5 Rxc5 48. Kd4 Rc7 49. Bc4 g5 50. Ra2 Bb4 51. f3 h5 52. Kd3 Rd7+ 53. Bd5 Rc7
54. Bc4 1/2-1/2

[Event "Tbilisi WGP 2024"]
[Site "Tbilisi GEO"]
[Date "2024.08.17"]
[Round "3.5"]
[White "Vaishali, Rameshbabu"]
[Black "Khademalsharieh, Sarasadat"]
[Result "1-0"]
[WhiteTitle "GM"]
[BlackTitle "IM"]
[WhiteElo "2506"]
[BlackElo "2489"]
[WhiteFideId "5091756"]
[BlackFideId "12512214"]
[EventDate "2024.08.15"]

1. e4 e5 2. Nf3 Nc6 3. Bc4 Nf6 4. d3 h6 5. c3 d6 6. a4 g6 7. a5 a6 8. Qb3 Qe7 9.
O-O Bg7 10. Re1 O-O 11. d4 Nh5 12. Be3 g5 13. d5 Nd8 14. Qd1 Nf4 15. Bxf4 gxf4
16. Nbd2 Kh8 17. b4 Rg8 18. Kh1 Bg4 19. h3 Bd7 20. Bd3 Bf6 21. Qe2 Qf8 22. Rg1
Be7 23. c4 f6 24. Nh4 Nf7 25. Nf5 c6 26. Nf3 Bd8 27. N3h4 Be8 28. Kh2 b6 29. b5
axb5 30. axb6 Rb8 31. dxc6 Bxc6 32. cxb5 Bb7 33. Bc4 d5 34. Bxd5 Bxd5 35. exd5
Bxb6 36. Rgc1 Rg5 37. Rc6 Nd8 38. Rxb6 Rxb6 39. Ra8 Rb7 40. Qc4 Rg8 41. d6 Qf7
42. Qe4 Qh7 43. Qd5 Qf7 44. Qf3 Qh7 45. Qh5 Rd7 46. Ne7 1-0

[Event "Tbilisi WGP 2024"]
[Site "Tbilisi GEO"]
[Date "2024.08.18"]
[Round "4.1"]
[White "Kosteniuk, Alexandra"]
[Black "Khademalsharieh, Sarasadat"]
[Result "1-0"]
[WhiteTitle "GM"]
[BlackTitle "IM"]
[WhiteElo "2488"]
[BlackElo "2489"]
[WhiteFideId "4128125"]
[BlackFideId "12512214"]
[EventDate "2024.08.15"]

1. e4 e5 2. Nf3 Nc6 3. d4 exd4 4. Nxd4 Nf6 5. Nxc6 bxc6 6. Bd3 d5 7. exd5 cxd5
8. O-O Be7 9. c4 O-O 10. cxd5 Bb7 11. Nc3 Nxd5 12. Bd2 Nxc3 13. Bxc3 Bf6 14.
Bxf6 Qxf6 15. Qc2 h5 16. Qxc7 Bd5 17. Qd7 Be6 18. Qb5 h4 19. b3 Rad8 20. Rad1 h3
21. Be4 Rd4 22. Rxd4 Qxd4 23. Qd3 Qb2 24. Qc2 Qe5 25. Rd1 hxg2 26. Kxg2 g6 27.
f3 Kg7 28. Qf2 Rh8 29. Kg1 Qg5+ 30. Kh1 a5 31. Qd4+ f6 32. Qa7+ Bf7 33. Bxg6 1-0

[Event "Tbilisi WGP 2024"]
[Site "Tbilisi GEO"]
[Date "2024.08.18"]
[Round "4.2"]
[White "Javakhishvili, Lela"]
[Black "Vaishali, Rameshbabu"]
[Result "1/2-1/2"]
[WhiteTitle "IM"]
[BlackTitle "GM"]
[WhiteElo "2451"]
[BlackElo "2506"]
[WhiteFideId "13601458"]
[BlackFideId "5091756"]
[EventDate "2024.08.15"]

1. d4 d5 2. c4 e6 3. Nc3 Nf6 4. Nf3 Nbd7 5. cxd5 exd5 6. Bg5 Bb4 7. e3 c5 8. Qa4
O-O 9. dxc5 Bxc3+ 10. bxc3 Nxc5 11. Qb4 b6 12. Be2 Re8 13. O-O h6 14. Bh4 Re4
15. Qb2 Ba6 16. Bxa6 Nxa6 17. Rfd1 Rc8 18. Bxf6 Qxf6 19. Rxd5 Qxc3 20. Qxc3 Rxc3
21. Nd4 Nc5 22. g3 Ra3 23. Nb5 Ra5 24. Nd4 Ra3 25. Nb5 Ra5 26. Nd4 Ra4 27. Kg2
g6 28. Kf3 Re8 29. g4 Ne6 30. h4 Kg7 31. Nxe6+ Rxe6 32. Rd4 Ra3 33. Rd2 Rc6 34.
Rb1 Rc5 35. Rb4 g5 36. hxg5 hxg5 37. Re4 a5 38. Re7 Rc6 39. Rb7 Kg6 40. Rb2 f6
41. Rd2 f5 42. Rb2 fxg4+ 43. Kxg4 Ra4+ 44. Kg3 Kh5 45. R7xb6 Rxb6 46. Rxb6 Rxa2 1/2-1/2

[Event "Tbilisi WGP 2024"]
[Site "Tbilisi GEO"]
[Date "2024.08.18"]
[Round "4.3"]
[White "Muzychuk, Mariya"]
[Black "Tsolakidou, Stavroula"]
[Result "1/2-1/2"]
[WhiteTitle "GM"]
[BlackTitle "IM"]
[WhiteElo "2508"]
[BlackElo "2429"]
[WhiteFideId "14114550"]
[BlackFideId "4264312"]
[EventDate "2024.08.15"]

1. e4 c5 2. Nf3 d6 3. d4 cxd4 4. Nxd4 Nf6 5. Nc3 a6 6. h3 e6 7. g4 Nfd7 8. g5 b5
9. a3 Be7 10. h4 Bb7 11. Bg2 O-O 12. Be3 Nc6 13. Nxc6 Bxc6 14. f4 Qb8 15. O-O b4
16. axb4 Qxb4 17. Qd2 Rfb8 18. b3 Bd8 19. Rfd1 Bc7 20. h5 Nc5 21. h6 g6 22. Qd4
Qxd4 23. Bxd4 Nd7 24. Be3 a5 25. e5 d5 26. Na4 Nb6 27. Nxb6 Bxb6 28. Bxb6 Rxb6
29. c4 Rxb3 30. cxd5 Bxd5 31. Bxd5 exd5 32. Rxd5 Kf8 33. Rdxa5 Rxa5 34. Rxa5 Rb4
35. Ra8+ Ke7 36. Ra7+ Ke8 37. Ra8+ Ke7 38. Ra7+ Ke8 39. Ra8+ Ke7 1/2-1/2

[Event "Tbilisi WGP 2024"]
[Site "Tbilisi GEO"]
[Date "2024.08.18"]
[Round "4.4"]
[White "Kashlinskaya, Alina"]
[Black "Assaubayeva, Bibisara"]
[Result "1/2-1/2"]
[WhiteTitle "IM"]
[BlackTitle "IM"]
[WhiteElo "2474"]
[BlackElo "2470"]
[WhiteFideId "4198026"]
[BlackFideId "13708694"]
[EventDate "2024.08.15"]

1. d4 Nf6 2. c4 g6 3. Nc3 Bg7 4. e4 d6 5. Be2 O-O 6. h4 c5 7. d5 e6 8. h5 exd5
9. exd5 Re8 10. h6 Bh8 11. Bg5 a6 12. Kf1 b5 13. cxb5 axb5 14. Bxb5 Ba6 15. Bxa6
Nxa6 16. Qf3 Nb4 17. Nge2 Re5 18. Bf4 Re8 19. Bg5 Re5 20. Bf4 Re8 21. Bg5 1/2-1/2

[Event "Tbilisi WGP 2024"]
[Site "Tbilisi GEO"]
[Date "2024.08.18"]
[Round "4.5"]
[White "Muzychuk, Anna"]
[Black "Dzagnidze, Nana"]
[Result "1/2-1/2"]
[WhiteTitle "GM"]
[BlackTitle "GM"]
[WhiteElo "2525"]
[BlackElo "2506"]
[WhiteFideId "14111330"]
[BlackFideId "13601903"]
[EventDate "2024.08.15"]

1. e4 e6 2. d4 d5 3. Nc3 Bb4 4. exd5 exd5 5. Bd3 Ne7 6. Nf3 Bg4 7. O-O Nbc6 8.
h3 Bh5 9. a3 Bd6 10. Re1 Nxd4 11. g4 Nxf3+ 12. Qxf3 Bg6 13. Bxg6 hxg6 14. Nxd5
O-O 15. Nxe7+ Bxe7 16. Qxb7 Bf6 17. c3 a5 18. Qc6 Rb8 19. a4 Bh4 20. Rb1 Bxf2+
21. Kxf2 Qh4+ 22. Ke2 Qxh3 23. Qf3 Rfe8+ 24. Be3 Qh2+ 25. Kf1 Rxb2 26. Rxb2 Qxb2
27. Bf2 Rxe1+ 28. Bxe1 Qb3 29. Qc6 f6 30. g5 fxg5 31. Ke2 g4 32. Qe4 Qb2+ 33.
Bd2 g3 34. Qe6+ Kh7 35. Qh3+ Kg8 36. Qxg3 Qa2 37. Qg4 Kh7 38. Qh4+ Kg8 39. Qe4
Kh7 40. Qh1+ Kg8 41. Qa8+ Kh7 42. Qxa5 Qc4+ 43. Ke3 c5 44. Qa8 Qe6+ 45. Qe4 Qa2
46. Qh1+ Kg8 47. Qc6 Kh7 48. Qh1+ Kg8 49. Qa8+ Kh7 50. a5 Qa1 51. Ke2 Qa2 52.
Ke3 Qa1 53. a6 Qg1+ 54. Kd3 Qf1+ 55. Kc2 Qf5+ 56. Kb3 Qb1+ 57. Kc4 Qf1+ 58. Kxc5
Qf2+ 59. Kc4 Qe2+ 60. Kb3 Qd1+ 61. Kc4 Qe2+ 62. Kc5 Qf2+ 63. Kb5 Qxd2 64. Qh1+
Kg8 65. Qf3 g5 66. c4 Qb2+ 67. Kc6 Qa2 68. Qd5+ Kh7 69. Kb7 Qb3+ 70. Kc7 Qa3 71.
Qd6 Qa5+ 72. Kb7 Qa4 73. Qd3+ Kh6 74. Qh3+ Kg6 75. Qe6+ Kh5 76. Qh3+ Kg6 77.
Qe6+ Kh5 78. a7 Qb4+ 79. Qb6 Qe7+ 80. Ka6 Qa3+ 81. Kb7 Qe7+ 82. Qc7 Qb4+ 83. Kc8
Qf8+ 84. Qd8 Qc5+ 85. Kb7 Qb4+ 86. Qb6 Qe7+ 87. Kc6 Qf6+ 88. Kb5 Qb2+ 89. Ka6
Qa3+ 90. Qa5 Qd6+ 91. Kb5 Qd7+ 92. Kc5 Qf5+ 93. Kb6 Qe6+ 94. Kc7 Qxc4+ 95. Kd6
Qd4+ 96. Ke7 Qf6+ 97. Ke8 Qe6+ 98. Kd8 Qd6+ 99. Kc8 Qe6+ 100. Kd8 Qd6+ 101. Ke8
Qe6+ 102. Kd8 Qd6+ 1/2-1/2

[Event "Tbilisi WGP 2024"]
[Site "Tbilisi GEO"]
[Date "2024.08.19"]
[Round "5.1"]
[White "Dzagnidze, Nana"]
[Black "Kosteniuk, Alexandra"]
[Result "1-0"]
[WhiteTitle "GM"]
[BlackTitle "GM"]
[WhiteElo "2506"]
[BlackElo "2488"]
[WhiteFideId "13601903"]
[BlackFideId "4128125"]
[EventDate "2024.08.15"]

1. d4 Nf6 2. c4 e6 3. Nc3 Bb4 4. e3 b6 5. Ne2 Ba6 6. a3 Be7 7. Nf4 d5 8. cxd5
Bxf1 9. dxe6 Ba6 10. exf7+ Kxf7 11. Qb3+ Ke8 12. Ne6 Qd7 13. Nxg7+ Kd8 14. e4
Nc6 15. Be3 Na5 16. Qc2 Bxa3 17. Nf5 Bb4 18. Bg5 Rf8 19. e5 Qe6 20. Ne3 Be7 21.
exf6 Bxf6 22. Bxf6+ Rxf6 23. b4 Nc4 24. Rxa6 Nxe3 25. fxe3 Qxe3+ 26. Ne2 Kc8 27.
Qc3 Qf2+ 28. Kd2 Qxg2 29. Rg1 Qxh2 30. Raa1 Kb7 31. Rh1 Qg2 32. Rxh7 Rc6 33. Qd3
Qg5+ 34. Kd1 a5 35. b5 Rd6 36. Rc1 Rc8 37. Rc6 Qd5 38. Nf4 Qxd4 39. Rxd6 Qa1+
40. Ke2 Qb2+ 41. Kf3 a4 42. Rdd7 Qc1 43. Ne6 1-0

[Event "Tbilisi WGP 2024"]
[Site "Tbilisi GEO"]
[Date "2024.08.19"]
[Round "5.2"]
[White "Assaubayeva, Bibisara"]
[Black "Muzychuk, Anna"]
[Result "1/2-1/2"]
[WhiteTitle "IM"]
[BlackTitle "GM"]
[WhiteElo "2470"]
[BlackElo "2525"]
[WhiteFideId "13708694"]
[BlackFideId "14111330"]
[EventDate "2024.08.15"]

1. d4 Nf6 2. c4 e6 3. Nf3 d5 4. Nc3 c5 5. cxd5 cxd4 6. Qxd4 exd5 7. Bg5 Be7 8.
e3 O-O 9. Be2 Nc6 10. Qd3 h6 11. Bh4 Qb6 12. O-O Rd8 13. Rfd1 Qxb2 14. Rab1 Qa3
15. Rb3 Qd6 16. Bxf6 Bxf6 17. Nxd5 Qxd5 18. Qxd5 Rxd5 19. Rxd5 Be6 20. Bc4 Bxd5
21. Bxd5 Rd8 22. e4 Ne7 23. Bc4 Nc6 24. Bd5 Ne7 25. Bc4 Nc6 26. Bd5 Ne7 1/2-1/2